Famous bridges of the world /

Bibliographic Details
Main Author: Steinman, D. B. (David Barnard), 1886-1960
Format: Book
Language:English
Published: New York : Dover Publications, [1961]
Edition:Rev. ed.
Subjects:

MARC

Tag First Indicator Second Indicator Subfields
LEADER 00000cam a2200000 4500
001 in00000063469
005 20151007083112.0
008 720522s1961 nyua 00100 eng
010 |a  61019220  
035 |a (OCoLC)00313466 
035 |9 AAF8862AM 
040 |c KSU  |d TXA  |d UtOrBLW 
049 |a [Curr Col] TXAM  |c [1558665] 
050 0 0 |a TG15  |b .S82 1961 
100 1 |a Steinman, D. B.  |q (David Barnard),  |d 1886-1960. 
245 1 0 |a Famous bridges of the world /  |c Illustrated by Kurt Wiese. 
250 |a Rev. ed. 
264 1 |a New York :  |b Dover Publications,  |c [1961] 
300 |a 99 pages :  |b illustrations ;  |c 24 cm. 
336 |a text  |b txt  |2 rdacontent 
337 |a unmediated  |b n  |2 rdamedia 
338 |a volume  |b nc  |2 rdacarrier 
650 0 |a Bridges  |x History. 
999 |a MARS 
999 f f |s d1d399fa-58d1-3715-87b2-1e87114222e3  |i 3a6bd0e1-a541-3bfb-bd92-157a361b483c  |t 0 
952 f f |p ric  |a Texas A&M University  |b Rellis Campus  |c Joint Library Facility  |d Remote Storage  |t 0  |e TG15 .S82 1961  |h Library of Congress classification  |i unmediated -- volume  |m A14800260380 
998 f f |a TG15 .S82 1961  |t 0  |l Remote Storage